[Event "2022 Welsh Open "]
[Site "Cardiff"]
[Date "2022.04.16"]
[Round "3"]
[Board "9"]
[White "Kong, Emma Zihan"]
[Black "Bridges, Paul"]
[Result "0-1"]
[WhiteElo "1152"]
[BlackElo "1768"]
[PlyCount "0"]
[EventDate "2022.04.15"]
[EventRounds "7"]
[EventCountry "WLS"]

1. d4 d5 2. c4 e6 3. Nc3 c6 4. a3 f5 5. Bf4 Nf6 6. Nf3 Be7 7. e3 O-O 8. Be2 Ne4 9.
Nxe4 fxe4 10. Ne5 Nd7 11. O-O Nxe5 12. Bxe5 Bd6 13. Bxd6 Qxd6 14. b3 Bd7 15. Bg4
Rf6 16. h3 Raf8 17. Qe1 Be8 18. f3 h5 19. Bxh5 Bxh5 20. c5 Qc7 21. f4 b6 22. b4 bxc5
23. bxc5 Rb8 24. Rb1 Rxb1 25. Qxb1 Be2 26. Rf2 Bd3 27. Qb4 a5 28. Qb6 Qxb6 29. cxb6
Rf7 30. Rb2 Rb7 31. Kf2 a4 32. Kg3 Bb5 33. Rb4 Rxb6 34. Kf2 Kf7 35. g4 Rb8 36. h4
Rh8 37. Kg3 g6 38. g5 Ke7 39. Rb1 Kd6 40. Rc1 Rc8 41. Kf2 c5 42. dxc5+ Rxc5 43. Rxc5
Kxc5 44. Kg3 Be8 45. Kf2 Kc4 46. Ke2 Kb3 47. Kd2 Kxa3 48. Kc3 Bf7 49. Kc2 Kb4 50.
Kb2 Kc4  0-1

[Event "2022 Welsh Open "]
[Site "Cardiff"]
[Date "2022.04.16"]
[Round "3"]
[Board "10"]
[White "Taylor, Robert Graham"]
[Black "Parri, Deio"]
[Result "1/2-1/2"]
[WhiteElo "1805"]
[BlackElo "1635"]
[PlyCount "0"]
[EventDate "2022.04.15"]
[EventRounds "7"]
[EventCountry "WLS"]

1. e4 e6 2. Nf3 d5 3. Nc3 dxe4 4. Nxe4 Be7 5. d4 Nf6 6. Bd3 O-O 7. O-O Nbd7 8. Qe2
Nxe4 9. Qxe4 Nf6 10. Qe2 b6 11. Rd1 Bb7 12. c4 h6 13. h3 Re8 14. Ne5 Bf8 15. Bc2
Qe7 16. Bf4 c5 17. Rd2 cxd4 18. Rxd4 Red8 19. Rad1 Rxd4 20. Rxd4 Rd8 21. Be3 Rxd4
22. Bxd4 Qc7 23. b3 Bc5 24. Bb2 Qd6 25. Ng4 Nxg4 26. Qxg4 e5 27. Qg3 Qd2 28. Bxe5
Qe1+ 29. Kh2 g6 30. Bc3 Qxf2 31. Qxf2 Bxf2 32. Be5 Bc5  1/2-1/2

[Event "2022 Welsh Open "]
[Site "Cardiff"]
[Date "2022.04.16"]
[Round "3"]
[Board "11"]
[White "Probert, Malcolm"]
[Black "Chong, Kimberly"]
[Result "0-1"]
[WhiteElo "1575"]
[BlackElo "1765"]
[PlyCount "0"]
[EventDate "2022.04.15"]
[EventRounds "7"]
[EventCountry "WLS"]

1. Nf3 d5 2. d4 e6 3. g3 Nf6 4. Bg2 c5 5. O-O Nc6 6. c4 Be7 7. cxd5 exd5 8. dxc5
O-O 9. Bf4 Bxc5 10. Qc2 Qb6 11. Nc3 Nb4 12. Qb1 Ne4 13. Nxe4 Bf5 14. Nh4 Bxe4 15.
Bxe4 dxe4 16. a3 Nd5 17. Qxe4 Nxf4 18. Qxf4 Qxb2 19. Rfb1 Qxe2 20. Rxb7 Rad8 21.
Rbb1 Rd2 22. Rf1 Re8 23. a4 Rd4 24. Qc1 Rc4 25. Qb1 Rc2 26. Qe1 Qxe1 27. Raxe1 Rxe1
28. Rxe1 Bxf2+   0-1

[Event "2022 Welsh Open "]
[Site "Cardiff"]
[Date "2022.04.16"]
[Round "3"]
[Board "12"]
[White "Chung, Ethan Cheung Jing"]
[Black "Dixon, Chris"]
[Result "1-0"]
[WhiteElo "1554"]
[BlackElo "1735"]
[PlyCount "0"]
[EventDate "2022.04.15"]
[EventRounds "7"]
[EventCountry "WLS"]

1. e4 d6 2. Nf3 Nf6 3. Nc3 g6 4. d4 Bg7 5. Bg5 d5 6. Bxf6 exf6 7. Nxd5 f5 8. Nc3
fxe4 9. Nxe4 O-O 10. Bd3 Bxd4 11. c3 Bg7 12. O-O Nc6 13. Qc2 Bg4 14. Be2 Qe7 15.
Rfe1 Rfe8 16. Ned2 Rad8 17. Bc4 Qf6 18. Qa4 Bxf3 19. Nxf3 a6 20. Bb3 Bf8 21. Qg4
Ne5 22. Nxe5 Rxe5 23. Rxe5 Qxe5 24. Qf3 Qe7 25. Qxb7 Rd2 26. Qxa6 Qc5 27. Qf6 Qf5
28. Bxf7#   1-0

[Event "2022 Welsh Open "]
[Site "Cardiff"]
[Date "2022.04.16"]
[Round "3"]
[Board "13"]
[White "Di-Vetta, Andrew"]
[Black "Jones, Jeremy"]
[Result "1-0"]
[WhiteElo "1726"]
[BlackElo "1580"]
[PlyCount "0"]
[EventDate "2022.04.15"]
[EventRounds "7"]
[EventCountry "WLS"]

1. e4 c5 2. Nf3 d6 3. d3 Nf6 4. g3 Nc6 5. Bg2 Bg4 6. h3 Bh5 7. c3 Ne5 8. g4 Nxf3+
9. Bxf3 Bg6 10. g5 Nd7 11. Qa4 a6 12. c4 e6 13. h4 f6 14. h5 Bf7 15. e5 Rb8 16. exf6
gxf6 17. Rg1 fxg5 18. Bxg5 Be7 19. Bh6 Qb6 20. Qc2 Ne5 21. Be2 Qc6 22. Nd2 Bh4 23.
Be3 Ke7 24. O-O-O Rbg8 25. f4 Rxg1 26. Rxg1 Nd7 27. Bf3 Qc7 28. Ne4 Bf6 29. Nxf6
Nxf6 30. Qc3 b5 31. b3 b4 32. Qb2 Qb8 33. h6 Rg8 34. Rg5 Rg6 35. d4 Nd7 36. Be4 Rxh6
37. Qg2 Bg6 38. dxc5 Nxc5 39. Bxg6 Rxg6 40. Rxg6 hxg6 41. Qxg6 Qh8 42. Qg5+ Qf6 43.
Bxc5 Qxg5 44. Bxd6+  1-0

[Event "2022 Welsh Open "]
[Site "Cardiff"]
[Date "2022.04.16"]
[Round "3"]
[Board "14"]
[White "McGhee, David"]
[Black "Williams, Duncan"]
[Result "1-0"]
[WhiteElo "1529"]
[BlackElo "1725"]
[PlyCount "31"]
[EventDate "2022.04.15"]
[EventRounds "7"]
[EventCountry "WLS"]

1. e4 e5 2. Nf3 Nc6 3. d4 exd4 4. Bc4 Nf6 5. O-O Nxe4 6. Re1 d5 7. Bxd5 Qxd5 8. Nc3
Qh5 9. Nxe4 Be6 10. Bg5 Be7 11. Bxe7 Kxe7 12. Nxd4 Qd5 13. Nxe6 fxe6 14. Qg4 Rag8
15. Rad1 Nd4 16. Nc3  1-0

[Event "2022 Welsh Open "]
[Site "Cardiff"]
[Date "2022.04.16"]
[Round "3"]
[Board "15"]
[White "Thomas, Roy"]
[Black "Williams, Stephen"]
[Result "0-1"]
[WhiteElo "1689"]
[BlackElo "1570"]
[PlyCount "102"]
[EventDate "2022.04.15"]
[EventRounds "7"]
[EventCountry "WLS"]

1. f4 d5 2. Nf3 Nc6 3. e3 Bg4 4. Be2 Bxf3 5. Bxf3 e5 6. d4 exd4 7. exd4 Nf6 8. O-O
Be7 9. Be3 O-O 10. c3 Re8 11. Nd2 Bd6 12. Re1 Ne7 13. Qc2 Ng6 14. g3 Qd7 15. f5 Ne7
16. g4 c6 17. g5 Nxf5 18. Bf2 Rxe1+ 19. Rxe1 Ne8 20. Bg4 g6 21. Qd3 Neg7 22. Bg3
Re8 23. Nf3 Rxe1+ 24. Bxe1 Qc7 25. b3 Qe7 26. Bd2 Bc7 27. c4 Nd6 28. Ne5 Ne4 29.
Bf4 Nxg5 30. cxd5 cxd5 31. Qb5 N5e6 32. Be3 Bxe5 33. dxe5 d4 34. Bd2 b6 35. Qd5 h5
36. Bh3 Qc7 37. Qe4 a5 38. Bf1 Nf5 39. Bd3 Kg7 40. Qg2 Qxe5 41. Qf2 Ne3 42. a4 Nf4
43. Bf1 Nfd5 44. Bc4 Qf4 45. Bxe3 dxe3 46. Qb2+ Nf6 47. Qc2 Qg4+ 48. Kf1 Qf3+ 49.
Kg1 Ng4 50. Qb2+ f6 51. Bb5 Nf2  0-1

[Event "2022 Welsh Open "]
[Site "Cardiff"]
[Date "2022.04.16"]
[Round "3"]
[Board "16"]
[White "Emblem, Mark"]
[Black "Peters, Chris"]
[Result "1/2-1/2"]
[WhiteElo "1428"]
[BlackElo "1662"]
[PlyCount "66"]
[EventDate "2022.04.15"]
[EventRounds "7"]
[EventCountry "WLS"]

1. d4 Nf6 2. c4 g6 3. Nc3 d5 4. e3 Bg7 5. Nf3 O-O 6. Be2 c5 7. O-O cxd4 8. exd4 Nc6
9. Ne5 Be6 10. c5 Nd7 11. Nxc6 bxc6 12. Bf4 Nf6 13. f3 Nh5 14. Be3 Rb8 15. Qd2 Bd7
16. f4 Nf6 17. b3 Bf5 18. Bd3 Ne4 19. Nxe4 Bxe4 20. Bxe4 dxe4 21. Rad1 e6 22. Rf2
Rb7 23. Qe2 Rd7 24. Qc4 Rd5 25. Qc2 f5 26. Qc4 Rf7 27. Rfd2 Rfd7 28. b4 h5 29. g3
Kf7 30. Kg2 h4 31. a3 Bf6 32. Kg1 h3 33. a4 Rb7  1/2-1/2

[Event "2022 Welsh Open "]
[Site "Cardiff"]
[Date "2022.04.16"]
[Round "3"]
[Board "17"]
[White "Westcott, Dale"]
[Black "Larg, Richard"]
[Result "0-1"]
[WhiteElo "1250"]
[BlackElo "1645"]
[PlyCount "62"]
[EventDate "2022.04.15"]
[EventRounds "7"]
[EventCountry "WLS"]

1. d4 d5 2. Nf3 e6 3. g3 Be7 4. Bg2 Nf6 5. O-O O-O 6. c4 b6 7. Qc2 Bb7 8. Nbd2 c6
9. b3 Nbd7 10. Bb2 dxc4 11. bxc4 c5 12. Rfd1 Qc7 13. Nb3 Rfd8 14. Rd2 Ne4 15. Rd3
Nxf2 16. Kxf2 Be4 17. Qd2 Bxd3 18. Qxd3 Rab8 19. Qe4 Nf6 20. Qe5 Ng4+ 21. Kf1 Nxe5
22. Nxe5 cxd4 23. Nc6 d3 24. exd3 Rxd3 25. Nxb8 Qxb8 26. Nd4 Ba3 27. Bxa3 Rxa3 28.
Rd1 Qd6 29. Ke2 Rxa2+ 30. Ke1 Rxg2 31. Nc6 Rg1+  0-1

[Event "2022 Welsh Open "]
[Site "Cardiff"]
[Date "2022.04.16"]
[Round "3"]
[Board "20"]
[White "Maguire, Steve"]
[Black "Norris, David"]
[Result "1/2-1/2"]
[WhiteElo "856"]
[BlackElo "1554"]
[PlyCount "75"]
[EventDate "2022.04.15"]
[EventRounds "7"]
[EventCountry "WLS"]

1. c4 Nf6 2. g3 c5 3. Nc3 d5 4. cxd5 Nxd5 5. Bg2 Nxc3 6. bxc3 g6 7. e3 Nc6 8. Ne2
Ne5 9. d4 cxd4 10. cxd4 Qa5+ 11. Bd2 Nd3+ 12. Kf1 Qf5 13. Nf4 Nxf2 14. Kxf2 g5 15.
e4 Qf6 16. e5 Qf5 17. g4 Qxg4 18. Qxg4 Bxg4 19. Nd5 Rc8 20. Rac1 Rxc1 21. Rxc1 h5
22. Bxg5 Bh6 23. Rc8+ Bxc8 24. Bxe7 Be6 25. Bf6 Rg8 26. Nc7+ Kd7 27. Nxe6 fxe6 28.
Bxb7 Rb8 29. Bf3 Rb2+ 30. Kg3 Rxa2 31. d5 exd5 32. Bxd5 Ra3+ 33. Kh4 Bf4 34. e6+
Kd6 35. e7 Re3 36. Bf7 Rxe7 37. Bxe7+ Kxe7 38. Bc4  1/2-1/2

[Event "2022 Welsh Open "]
[Site "Cardiff"]
[Date "2022.04.16"]
[Round "3"]
[Board "21"]
[White "Edwards, Jonathan Simon"]
[Black "Fowler, Caspian"]
[Result "0-1"]
[WhiteElo "1071"]
[BlackElo "1475"]
[PlyCount "58"]
[EventDate "2022.04.15"]
[EventRounds "7"]
[EventCountry "WLS"]

1. e4 e5 2. d3 Nc6 3. Nf3 Nf6 4. c3 Bc5 5. b4 Bd6 6. g3 h6 7. Bg2 O-O 8. O-O Ne7
9. Nbd2 b5 10. Kh1 Ng6 11. Re1 c6 12. Nf1 Bc7 13. Be3 d5 14. Qc2 Nh7 15. h4 Bg4 16.
N1h2 Be6 17. Rad1 f5 18. Bh3 Qe8 19. Bc5 fxe4 20. Bxe6+ Qxe6 21. Bxf8 exf3 22. Bc5
Qh3 23. Rg1 Nf6 24. g4 e4 25. Rg3 Bxg3 26. fxg3 Nxg4 27. dxe4 dxe4 28. Rg1 f2 29.
Bxf2 Qxh2#  0-1

[Event "2022 Welsh Open "]
[Site "Cardiff"]
[Date "2022.04.16"]
[Round "3"]
[Board "22"]
[White "Smith, Chris P"]
[Black "Cox, John"]
[Result "1-0"]
[WhiteElo "1454"]
[BlackElo "1431"]
[PlyCount "43"]
[EventDate "2022.04.15"]
[EventRounds "7"]
[EventCountry "WLS"]

1. d4 f5 2. e4 fxe4 3. Nc3 Nf6 4. Bg5 e6 5. Nxe4 Be7 6. Bxf6 Bxf6 7. Nf3 b6 8. Bd3
Bb7 9. O-O O-O 10. c3 Qe8 11. Nxf6+ Rxf6 12. Ng5 g6 13. Qg4 Nc6 14. Qh4 Qe7 15. Nxh7
Qxh7 16. Qxf6 Qf7 17. Qxg6+ Qxg6 18. Bxg6 Ne7 19. Bd3 Rf8 20. Rae1 Nf5 21. Bxf5 Rxf5
22. Re5  1-0

[Event "2022 Welsh Open "]
[Site "Cardiff"]
[Date "2022.04.16"]
[Round "3"]
[Board "23"]
[White "Pugh, Noah"]
[Black "Sud, Arnav"]
[Result "0-1"]
[WhiteElo "1450"]
[BlackElo "1425"]
[PlyCount "33"]
[EventDate "2022.04.15"]
[EventRounds "7"]
[EventCountry "WLS"]

1. c4 g6 2. g3 Bg7 3. Bg2 d6 4. Nc3 c5 5. Nf3 Nc6 6. d3 Nf6 7. Bg5 Qa5 8. O-O Nd4
9. e3 Nxf3+ 10. Qxf3 O-O 11. d4 cxd4 12. Bxf6 Bxf6 13. Nd5 Be6 14. Nxf6+ exf6 15.
exd4 Bxc4 16. Rfe1 Rfe8 17. b3  0-1

[Event "2022 Welsh Open "]
[Site "Cardiff"]
[Date "2022.04.16"]
[Round "3"]
[Board "24"]
[White "Liyanage, Hasini Pamuditha"]
[Black "Swamy, Anshul"]
[Result "0-1"]
[WhiteElo "1117"]
[BlackElo "1359"]
[PlyCount "74"]
[EventDate "2022.04.15"]
[EventRounds "7"]
[EventCountry "WLS"]

1. d4 d5 2. Nf3 Nf6 3. Bf4 Nc6 4. e3 e6 5. Bd3 Bd6 6. Ne5 Bxe5 7. Bxe5 Nxe5 8. dxe5
Nd7 9. f4 b6 10. Qg4 g6 11. Nd2 Bb7 12. Nf3 Qe7 13. a3 O-O-O 14. Nd4 a6 15. Qe2 c5
16. Bxa6 cxd4 17. Bxb7+ Kxb7 18. exd4 f6 19. c3 fxe5 20. dxe5 Qc5 21. a4 Ra8 22.
Kd2 Rhc8 23. Rhc1 Qc4 24. Qxc4 Rxc4 25. g3 Nc5 26. Kc2 Re4 27. Re1 Rxe1 28. Rxe1
Rxa4 29. Rd1 Re4 30. b4 Nd7 31. Kd2 b5 32. Re1 Rc4 33. Kd3 Nb6 34. g4 Rxf4 35. h3
Nc4 36. Kc2 Rf2+ 37. Kb3 Rb2#  0-1

[Event "2022 Welsh Open "]
[Site "Cardiff"]
[Date "2022.04.16"]
[Round "3"]
[Board "25"]
[White "Hollyman, Mike"]
[Black "Beeston, Darson"]
[Result "1-0"]
[WhiteElo "1329"]
[BlackElo "1100"]
[PlyCount "105"]
[EventDate "2022.04.15"]
[EventRounds "7"]
[EventCountry "WLS"]

1. c4 c6 2. e4 e5 3. Nc3 Nf6 4. Nge2 d5 5. cxd5 cxd5 6. exd5 Nxd5 7. Nxd5 Qxd5 8.
Nc3 Qd4 9. d3 Bc5 10. Be3 Qb4 11. Bxc5 Qxc5 12. g3 Be6 13. Bg2 Nc6 14. O-O O-O 15.
Rc1 Rad8 16. Ne4 Qb5 17. a4 Qxd3 18. Qxd3 Rxd3 19. Nc5 Rd2 20. Nxb7 Nd4 21. Kh1 Rxb2
22. Rfe1 f6 23. Nc5 Rc8 24. Nxe6 Rxc1 25. Rxc1 Nxe6 26. Bd5 Rb6 27. Rc8+ Kf7 28.
Rc7+ Kg6 29. Rxa7 Nd4 30. a5 Rb1+ 31. Kg2 Ra1 32. a6 Ra5 33. Bc4 Nc6 34. Rc7 Rc5
35. a7 Ra5 36. Rxc6 Rxa7 37. Bd3+ Kg5 38. Rc5 h6 39. f4+ Kg4 40. h3+ Kh5 41. fxe5
Ra2+ 42. Kf3 f5 43. e6 Ra3 44. Rxf5+ g5 45. Ke4 Ra4+ 46. Ke3 Ra7 47. Rf7 Ra5 48.
Ke4 Kg6 49. Kd4+ Kh5 50. e7 Ra4+ 51. Bc4 Ra1 52. e8=Q Rd1+ 53. Bd3  1-0

[Event "2022 Welsh Open "]
[Site "Cardiff"]
[Date "2022.04.16"]
[Round "4"]
[Board "1"]
[White "Vlkova, Anezka"]
[Black "Van Veelen, Thomas"]
[Result "1-0"]
[WhiteElo "1938"]
[BlackElo "1998"]
[PlyCount "0"]
[EventDate "2022.04.15"]
[EventRounds "7"]
[EventCountry "WLS"]

1. e4 e6 2. d3 d5 3. Qe2 Nf6 4. Nf3 c5 5. g3 Nc6 6. Bg2 Be7 7. O-O O-O 8. e5 Nd7
9. h4 Re8 10. c4 d4 11. h5 h6 12. Bf4 Rb8 13. Nbd2 Qc7 14. Rfe1 a6 15. Nh2 Qd8 16.
Ng4 Bg5 17. Bxg5 Qxg5 18. Ne4 Qe7 19. f4 Kh8 20. Rf1 Rf8 21. Qd2 b6 22. Nxh6 Bb7
23. Ng4 Nd8 24. Nd6 Bxg2 25. Qxg2 f5 26. Nh2 Nf7 27. Nxf7+ Qxf7 28. Nf3 b5 29. Ng5
Qe7 30. b3 bxc4 31. bxc4 Rb6 32. Rab1 Rfb8 33. Rxb6 Rxb6 34. Qa8+ Nb8 35. Qf3 Nc6
36. g4 fxg4 37. Qe4 g6 38. Qxg6 Nd8 39. f5 exf5 40. Qxb6 Qxg5 41. Qf6+  1-0

[Event "2022 Welsh Open "]
[Site "Cardiff"]
[Date "2022.04.16"]
[Round "4"]
[Board "2"]
[White "May, Adam J"]
[Black "Bevan, Peter M"]
[Result "1/2-1/2"]
[WhiteElo "1950"]
[BlackElo "1855"]
[PlyCount "0"]
[EventDate "2022.04.15"]
[EventRounds "7"]
[EventCountry "WLS"]

1. d4 Nf6 2. Nf3 g6 3. g3 Bg7 4. Bg2 O-O 5. O-O d6 6. b3 c5 7. Bb2 cxd4 8. Nxd4 a6
9. c4 Qc7 10. Nc3 Nc6 11. Rc1 Bd7 12. Nd5 Qd8 13. Nxf6+ Bxf6 14. Nxc6 Bxc6 15. Bxf6
exf6 16. Qd2 Bxg2 17. Kxg2 Qe7 18. Rfd1 Rfd8 19. Rc3 b5 20. e3 Rac8 21. cxb5 Rxc3
22. Qxc3 axb5 23. Rd4 Qb7+ 24. Kg1 Qa8 25. a4 Rc8 26. Qe1 bxa4 27. bxa4 Rc5 28. Rxd6
 1/2-1/2

[Event "2022 Welsh Open "]
[Site "Cardiff"]
[Date "2022.04.16"]
[Round "4"]
[Board "3"]
[White "Harding, Gareth"]
[Black "Havard, Gwyn"]
[Result "0-1"]
[WhiteElo "1829"]
[BlackElo "1916"]
[PlyCount "0"]
[EventDate "2022.04.15"]
[EventRounds "7"]
[EventCountry "WLS"]

1. d4 Nf6 2. Nc3 d5 3. Bf4 Bf5 4. e3 e6 5. a3 Bd6 6. Bxd6 Qxd6 7. Bd3 Nbd7 8. Bxf5
exf5 9. Nge2 O-O-O 10. Qd3 g6 11. a4 a6 12. a5 Rhe8 13. b4 Qxb4 14. Ra4 Qe7 15. O-O
c5 16. Rb1 c4 17. Rxc4+ dxc4 18. Qxc4+ Nc5 19. dxc5 Ne4 20. c6 Nd2 21. cxb7+ Kb8
22. Qxa6 Nxb1 23. Qa8+ Kc7 24. b8=Q+ Rxb8 25. Qa7+ Kc8 26. Qa6+ Qb7 27. Qc4+ Qc7
28. Qa6+ Kd8 29. Qf6+ Kc8 30. Qa6+ Rb7 31. Nb5 Qd7 32. Nbd4 Re6 33. Qa8+ Rb8 34.
Qf3 Nd2  0-1

[Event "2022 Welsh Open "]
[Site "Cardiff"]
[Date "2022.04.16"]
[Round "4"]
[Board "4"]
[White "Bridges, Paul"]
[Black "Espinosa Delgado, Miguel"]
[Result "0-1"]
[WhiteElo "1768"]
[BlackElo "1878"]
[PlyCount "0"]
[EventDate "2022.04.15"]
[EventRounds "7"]
[EventCountry "WLS"]

1. e4 d6 2. d4 Nf6 3. Bd3 e5 4. d5 Nbd7 5. Be3 Be7 6. c4 O-O 7. Nc3 a5 8. f3 b6 9.
Nge2 Nc5 10. Bxc5 bxc5 11. O-O Nh5 12. Qc2 g6 13. Rfb1 Bg5 14. Nd1 Qe7 15. a3 f5
16. Qc3 f4 17. b4 Bh4 18. Nf2 Nf6 19. bxc5 g5 20. h3 h5 21. Kf1 g4 22. Ng1 Qg7 23.
Qd2 Kh8 24. fxg4 hxg4 25. Be2 Rg8 26. Nxg4 Bxg4 27. hxg4 Nxe4 28. Qd3 Ng3+ 29. Ke1
e4 30. Qc2 Nf5+ 31. Kd2 Qd4+ 32. Bd3 Rxg4 33. Ne2 Rxg2 34. Kc1 Qe3+ 35. Qd2 exd3
36. Qxe3 fxe3  0-1

[Event "2022 Welsh Open "]
[Site "Cardiff"]
[Date "2022.04.16"]
[Round "4"]
[Board "5"]
[White "Morgans, Justin"]
[Black "Fowler, Hugo"]
[Result "0-1"]
[WhiteElo "1618"]
[BlackElo "1840"]
[PlyCount "0"]
[EventDate "2022.04.15"]
[EventRounds "7"]
[EventCountry "WLS"]

1. e4 e5 2. Nf3 Nc6 3. Bb5 a6 4. Ba4 Nf6 5. d3 b5 6. Bb3 Bc5 7. O-O d6 8. h3 h6 9.
Be3 Bb6 10. Bxb6 cxb6 11. c3 Be6 12. Nbd2 Ne7 13. Re1 Ng6 14. Bxe6 fxe6 15. Nf1 O-O
16. g3 Nh5 17. N1h2 Qf6 18. Re3 Rf7 19. Ng4 Qe7 20. Rc1 Raf8 21. Rc2 Nf6 22. Nxf6+
Qxf6 23. Kg2 d5 24. exd5 exd5 25. Qe2 d4 26. cxd4 exd4 27. Re4 Qxf3+ 28. Qxf3 Rxf3
29. Rxd4 Ne5 30. Rd2 R3f6 31. f4 Nc6 32. Rd7 Rd8 33. Rxd8+ Nxd8 34. d4 Kf7 35. d5
Ke7 36. Kf3 Kd6 37. Ke4 Rf7 38. g4 g6 39. h4 Nb7 40. b4 Rc7 41. f5 Rc4+ 42. Rd4 gxf5+
43. gxf5 Ke7 44. Ke5 Rxd4 45. Kxd4 Kf6  0-1

[Event "2022 Welsh Open "]
[Site "Cardiff"]
[Date "2022.04.16"]
[Round "4"]
[Board "6"]
[White "Thomas, Mark"]
[Black "Larg, Richard"]
[Result "1-0"]
[WhiteElo "1919"]
[BlackElo "1645"]
[PlyCount "0"]
[EventDate "2022.04.15"]
[EventRounds "7"]
[EventCountry "WLS"]

1. e4 e5 2. Nf3 d6 3. Bc4 Nc6 4. c3 Be6 5. Bb5 Bd7 6. d4 exd4 7. cxd4 Nf6 8. Nc3
a6 9. Bd3 Bg4 10. Be3 Qd7 11. Rc1 Bxf3 12. Qxf3 Qg4 13. a3 Qxf3 14. gxf3 O-O-O 15.
b4 g6 16. b5 axb5 17. Nxb5 Rd7 18. Kd2 h5 19. Rc3 Bh6 20. Rhc1 Bxe3+ 21. fxe3 Ne8
22. d5 Ne5 23. Be2 f5 24. exf5 gxf5 25. Nd4 Ng7 26. a4 Rf8 27. a5 Kd8 28. Rb1 c6
29. dxc6 Nxc6 30. Nxc6+ bxc6 31. Rxc6 Ke7 32. a6 Ra8 33. Rcb6 Ne6 34. Bb5 Rc7 35.
Rb7 Ra7 36. Bd3 Nc5 37. Rxc7+ Rxc7 38. Bxf5 Nxa6 39. h4 Kf6 40. Bc2 Nc5 41. Rb6 Ke7
42. Rb8 Ne6 43. Rh8 Ng7 44. Rh7 Kf8 45. f4 Rc5 46. Rh6 Ke7 47. Be4 Ra5 48. Rg6 Nf5
49. Bxf5 Rxf5 50. Rg5 Kf6 51. Kd3 Ke6 52. Kd4 Kf6 53. Ke4 d5+ 54. Kd4 Ke6 55. Rxf5
Kxf5 56. Kxd5 Kg4 57. Ke4 Kxh4 58. Kf3 Kh3 59. f5  1-0

[Event "2022 Welsh Open "]
[Site "Cardiff"]
[Date "2022.04.16"]
[Round "4"]
[Board "7"]
[White "Timmins, Chris P"]
[Black "Chung, Ethan Cheung Jing"]
[Result "1-0"]
[WhiteElo "1885"]
[BlackElo "1554"]
[PlyCount "0"]
[EventDate "2022.04.15"]
[EventRounds "7"]
[EventCountry "WLS"]

1. e4 d5 2. Nc3 dxe4 3. Nxe4 Bf5 4. Ng3 Bg6 5. Bc4 Nf6 6. d3 e5 7. Qe2 Bd6 8. Nf3
Nbd7 9. h4 h6 10. h5 Bh7 11. Bd2 Qe7 12. Nh4 O-O-O 13. Nhf5 Bxf5 14. Nxf5 Qf8 15.
O-O-O Nb6 16. Bb3 Re8 17. f3 Nfd5 18. Rde1 Ne7 19. Nxd6+ cxd6 20. Qf2 Nf5 21. Ba5
Kc7 22. c3 Ne7 23. d4 Nc6 24. Bxb6+ axb6 25. d5 Na5 26. Ba4 Ra8 27. Rh4 Qe7 28. b4
Nc6 29. Bb3 Na7 30. Rc4+ Kb8 31. Qxb6 Nc8 32. Qe3 Re8 33. Rg4 f6 34. Qd3 Nb6 35.
Qb5 Kc7 36. a4 Nd7 37. a5 Rec8 38. Kb2 Kb8 39. Ba4 Nf8 40. Bc2 Rc7 41. Bf5 Qf7 42.
Rh1 Nd7 43. Rhh4 e4 44. Bxd7 Rxd7 45. Rxe4 f5 46. Re6 f4 47. Rh1 Ra6 48. Rhe1 Rc7
49. Qe8+  1-0

[Event "2022 Welsh Open "]
[Site "Cardiff"]
[Date "2022.04.16"]
[Round "4"]
[Board "8"]
[White "Guy, David"]
[Black "McGhee, David"]
[Result "1-0"]
[WhiteElo "1870"]
[BlackElo "1529"]
[PlyCount "0"]
[EventDate "2022.04.15"]
[EventRounds "7"]
[EventCountry "WLS"]

1. d4 d5 2. Nf3 Nf6 3. c4 c6 4. e3 e6 5. a3 Bd6 6. Nc3 Nbd7 7. cxd5 exd5 8. Bd3 O-O
9. O-O Re8 10. Qc2 Qe7 11. h3 Ne4 12. b4 Ndf6 13. Re1 Bf5 14. Bb2 h6 15. Na4 Rac8
16. Nc5 Bh7 17. Rac1 g5 18. Ne5 Nxc5 19. Bxh7+ Nxh7 20. bxc5 Bxe5 21. dxe5 Qe6 22.
f4 f5 23. g3 Nf8 24. Rf1 Rc7 25. Kh2 Rf7 26. Rf2 Ng6 27. Bd4 Qe7 28. Rcf1 Ref8 29.
a4 h5 30. fxg5 Qxg5 31. e6 Rf6 32. Bxf6 Rxf6 33. Rxf5  1-0

[Event "2022 Welsh Open "]
[Site "Cardiff"]
[Date "2022.04.16"]
[Round "4"]
[Board "9"]
[White "Jukes, Sam"]
[Black "Wu, Yuxuan"]
[Result "1-0"]
[WhiteElo "1850"]
[BlackElo "1303"]
[PlyCount "0"]
[EventDate "2022.04.15"]
[EventRounds "7"]
[EventCountry "WLS"]

1. e4 c5 2. Nf3 d6 3. d4 cxd4 4. Qxd4 Nc6 5. Bb5 Bd7 6. Bxc6 Bxc6 7. Nc3 Nf6 8. Bg5
e6 9. O-O-O Be7 10. Rhe1 h6 11. Bh4 O-O 12. g4 g5 13. Nxg5 hxg5 14. Bxg5 Nh7 15.
Bxe7 Qxe7 16. g5 Rfd8 17. h4 Nf8 18. Qe3 e5 19. h5 Ne6 20. Nd5 Bxd5 21. exd5 Nf8
22. f4 Rac8 23. f5 Rc4 24. f6 Qc7 25. g6 Rc8 26. c3 fxg6 27. hxg6 Nxg6 28. Rg1 Kf7
29. Rxg6 Kxg6 30. Rg1+ Kf5 31. Qg5+ Ke4 32. Qg2+ Kf5 33. Qg6+ Kf4 34. Rf1+ Ke3 35.
Qg3+ Ke4 36. Qf3#   1-0

[Event "2022 Welsh Open "]
[Site "Cardiff"]
[Date "2022.04.16"]
[Round "4"]
[Board "10"]
[White "Williams, Stephen"]
[Black "Chong, Kimberly"]
[Result "1-0"]
[WhiteElo "1570"]
[BlackElo "1765"]
[PlyCount "0"]
[EventDate "2022.04.15"]
[EventRounds "7"]
[EventCountry "WLS"]

1. d4 d5 2. c4 e6 3. Nf3 Nf6 4. Bg5 Be7 5. Nc3 O-O 6. e3 a6 7. cxd5 exd5 8. Bd3 Nbd7
9. O-O b5 10. Rc1 Bb7 11. Qc2 h6 12. Bh4 c5 13. dxc5 Nxc5 14. Bxf6 Bxf6 15. Rfd1
Nxd3 16. Qxd3 Rc8 17. Nd4 Qd7 18. Nce2 Rxc1 19. Rxc1 Rc8 20. Rxc8+ Qxc8 21. b3 Qc7
22. Qc2 Qe5 23. Ng3 g6 24. h3 Bh4 25. Nf3 Qa1+ 26. Kh2 Bd8 27. Nd4 Bb6 28. Nge2 Qe1
29. Nc1 Qb4 30. Nd3 Qd6+ 31. g3 Qf6 32. Qb2 Bxd4 33. exd4 Qf5 34. Nc5 Bc8 35. g4
Qf3 36. Qd2 Kg7 37. Qe3 Qf6 38. Qe5 Qxe5+ 39. dxe5 Kf8 40. b4 Ke7 41. f4 Kd8 42.
Kg3 Kc7 43. h4 Kc6 44. Kf3 a5 45. a3 axb4 46. axb4 d4 47. g5 h5 48. Ke4 d3 49. Kxd3
Kd5 50. Kc3 Bg4 51. Nb7 Bd7 52. Nd6 Ke6 53. Kd4 Bc6 54. Kc5 Bd7 55. Nxb5 Kf5 56.
Nd6 Kxf4 57. Nxf7 Kg4 58. b5 Bxb5 59. Kxb5 Kf5 60. Kc6 Ke6 61. Kc7 Ke7 62. Nh8 Ke6
63. Nxg6 Kf5 64. Kd6 Ke6+  1-0

[Event "2022 Welsh Open "]
[Site "Cardiff"]
[Date "2022.04.16"]
[Round "4"]
[Board "13"]
[White "Peters, Chris"]
[Black "Smith, Chris P"]
[Result "0-1"]
[WhiteElo "1662"]
[BlackElo "1454"]
[PlyCount "0"]
[EventDate "2022.04.15"]
[EventRounds "7"]
[EventCountry "WLS"]

1. e4 d6 2. Bc4 Nf6 3. d4 g6 4. Nc3 Bg7 5. Nf3 O-O 6. Bg5 Nxe4 7. Nxe4 d5 8. Bxd5
Qxd5 9. Nc3 Qd6 10. O-O Bg4 11. h3 Bxf3 12. Qxf3 Nc6 13. Nb5 Nxd4 14. Nxd4 Bxd4 15.
Rad1 Qb6 16. Rfe1 e6 17. Rxd4 Qxd4 18. Bf6 Qf4 19. Qc3 Qf5 20. g4 Qf4 21. Re3 Rad8
22. Rf3 Qd2 23. Qe5 Rd5 24. Qg3 Qe1+ 25. Kg2 Rd1 26. Qh2 Qf1+ 27. Kg3 Qg1+ 28. Qxg1
Rxg1+ 29. Kf4 Rd1 30. c4 c5 31. Ra3 Rc1 32. Rxa7 Rxc4+ 33. Ke3 Rb4 34. a3 Rb3+ 35.
Ke2 Rc8 36. Bc3 Rb8 37. Be5 Rd8 38. Bc3 Kf8 39. g5 Ke8 40. Ra4 Rd5 41. Rh4 Rxg5 42.
Rxh7 Rh5 43. Rxh5 gxh5 44. Kf3 Rb5 45. a4 Rb6 46. Be5 Rb4 47. Kg3 Rxa4 48. f4 Re4
49. Kh4 Re3 50. Kxh5 Rxh3+ 51. Kg4 Re3 52. Bd6 c4  0-1

[Event "2022 Welsh Open "]
[Site "Cardiff"]
[Date "2022.04.16"]
[Round "4"]
[Board "14"]
[White "Sipho, Donovan"]
[Black "Sud, Arnav"]
[Result "1/2-1/2"]
[WhiteElo "1638"]
[BlackElo "1425"]
[PlyCount "59"]
[EventDate "2022.04.15"]
[EventRounds "7"]
[EventCountry "WLS"]

1. c4 g6 2. Nc3 Bg7 3. Nf3 d6 4. e4 c5 5. Be2 Nc6 6. O-O Nf6 7. d3 O-O 8. a3 Ne8
9. Rb1 a6 10. Nd5 Nf6 11. Be3 Nxd5 12. exd5 Nd4 13. Nxd4 cxd4 14. Bg5 f6 15. Bh4
e5 16. dxe6 Bxe6 17. Bf3 Qd7 18. b4 g5 19. Bg3 f5 20. h3 Rf6 21. Re1 Kh8 22. c5 f4
23. Rxe6 Qxe6 24. Bh2 Rb8 25. cxd6 Qxd6 26. Qb3 b5 27. Rc1 Qe7 28. Qd5 Re6 29. Be4
Be5 30. f3  1/2-1/2